| 000 | 00673cam a22002291 4500 | ||
|---|---|---|---|
| 001 | sa 66007346 | ||
| 003 | DLC | ||
| 005 | 20260227112304.0 | ||
| 008 | 890720m19639999ii 000 0 hino | ||
| 010 | _asa 66007346 | ||
| 035 | _a(OCoLC)20042559 | ||
| 040 |
_aDLC _cWaU _dDLC |
||
| 042 | _apremarc | ||
| 050 | 0 | 0 |
_aPK2049 _b.A5 |
| 110 | 2 |
_aAligarh Muslim University. _bDirectorate of General Education Reading Material Project. |
|
| 245 | 1 | 0 | _aHindī sāhitya-saṅgraha. |
| 260 | _c[1963- | ||
| 300 |
_av. _c23 cm. |
||
| 410 | 2 | 0 |
_aAligarh Muslim University. _tGeneral education reading material series, _vno. 24 |
| 500 | _aIn Hindi. | ||
| 650 | 0 | _aHindi literature. | |
| 999 |
_c71114 _d71114 |
||